READER'S DIGEST CONDENSED BOOKS (Record no. 568073)

000 -LEADER
fixed length control field 00217nam a22000977a 4500
082 ## - DEWEY DECIMAL CLASSIFICATION NUMBER
Classification number 808 REA'D
245 ## - TITLE STATEMENT
Title READER'S DIGEST CONDENSED BOOKS
260 ## - PUBLICATION, DISTRIBUTION, ETC.
Place of publication, distribution, etc. LONDON
Name of publisher, distributor, etc. READER'S DIGEST
Date of publication, distribution, etc. 1961
300 ## - PHYSICAL DESCRIPTION
Extent 502P
942 ## - ADDED ENTRY ELEMENTS (KOHA)
Koha item type Book
Holdings
Withdrawn status Lost status Damaged status Not for loan Permanent Location Current Location Shelving location Date acquired Total Checkouts Full call number Barcode Date last seen Price effective from Koha item type
        College of Electrical & Mechanical Engineering (CEME) College of Electrical & Mechanical Engineering (CEME) General Stacks 07/14/2017   808 REA'D CEME-3733 06/28/2021 06/28/2021 Book
© 2023 Central Library, National University of Sciences and Technology. All Rights Reserved.